Normal view
MARC view
- A.Singh
Entry Personal Name
001 - CONTROL NUMBER
- control field: 26016
003 - CONTROL NUMBER IDENTIFIER
- control field: NUST
005 - DATE AND TIME OF LATEST TRANSACTION
- control field: 20191121122743.0
008 - FIXED-LENGTH DATA ELEMENTS
- fixed length control field: 191121|| aca||aabn | a|a d
040 ## - CATALOGING SOURCE
- Original cataloging agency: NUST
- Transcribing agency: NUST
100 ## - HEADING--PERSONAL NAME
- Personal name: A.Singh
670 ## - SOURCE DATA FOUND
- Source citation: Work cat.: (NUST): A.Singh, Water Management , c2008
